Sociología de las relaciones públicas : V Semana Internacional de Ciencias Sociales V Semana Internacional de Ciencias Sociales
Descripción Física:
336 p. ; 24 cm
Colección:
Colección de Ciencias Sociales ; 9
MARC
| LEADER | 00000nam a2200000Ia 4500 | ||
|---|---|---|---|
| 001 | 2280 | ||
| 008 | 160829s1968 xx 000 0 cat d | ||
| 080 | |a C-1-271 | ||
| 100 | |a Semana Internacional de Ciencias Sociales (5a : 1968 : Barcelona) |9 33187 | ||
| 245 | |a Sociología de las relaciones públicas : |b V Semana Internacional de Ciencias Sociales | ||
| 260 | |a Barcelona : |b Diputación Provincial de Barcelona. Instituto de Ciencias Sociales, |c 1968 | ||
| 300 | |a 336 p. ; |c 24 cm | ||
| 490 | |a Colección de Ciencias Sociales ; 9 | ||
| 650 | |a Relacions públiques |9 10579 | ||
| 650 | |a Ciències socials |9 33189 | ||
| 710 | 2 | |a Instituto de Ciencias Sociales (Barcelona, Catalunya) |9 54508 | |
| 901 | |a Arxiu | ||
| 942 | |n 1 | ||
| 952 | |0 0 |1 0 |4 0 |6 C1271 |7 1 |9 46224 |a Arxiu |b Arxiu |d 2016-12-01 |l 0 |o C-1-271 |p 2280 |r 2016-12-01 00:00:00 |w 2016-12-01 |y ARXIU | ||
| 999 | |c 49726 |d 49726 | ||